Superman - Family Tree - Statistics

General Stats
  • This quiz has been taken 90 times
  • The average score is 8 of 15
Answer Stats
# Hint Answer % Correct
1 Main Character Superman/ Kal-El/ Clark Kent
100%
2 Wife of 1 Lois Lane
97%
4 Father of 1 Jor-El
82%
7 Mom of 1 Martha Kent
82%
10 Cousin of 1 Kara Danvers/ Supergirl
77%
6 Dad of 1 Jonathan Kent
69%
9 Clone of 1 and 14 Connor Kent/ Con-El/ Superboy
65%
14 Father of 9 Lex Luthor
50%
13 Ex-Girlfriend of 1 Lana Lang
46%
3 Sister of 2 Lucy Lane
38%
11 Sister of 10 Alex Danvers
21%
12 Boyfriend of 10 Jimmy Olsen/ Guardian
21%
8 Dad of 2 and 3 General Sam Lane
18%
15 Boyfriend of 9 Miss Martian/ Meghan Morzz
3%
5 Mother of 1 Lara Vor-Ann
0%
No matching quizzes found
Score Distribution
Percent of People with Each Score
Percentile by Number Answered
Your Score History
You have not taken this quiz